History and Geography Chain - Extreme - Statistics

General Stats
  • This quiz has been taken 115 times
  • The average score is 12 of 80
Answer Stats
Hint Answer % Correct
Country in the Thumbnail India
98%
Most spoken language in the above Hindi
95%
River from which the name of the above language was derived Indus
83%
Peninsula with the same name as the sea into which the above flows {Arabian} Peninsula
72%
Country having the world's tallest building. Located in the above United Arab Emirates
71%
Most spoken native language in the above country Arabic
69%
City whose name is Arabic for 'Haven of Peace' Dar es Salaam
53%
The above originated in China
21%
The island on which the above was primarily based Honshū
21%
Most followed religion in the above Islam
21%
The only capital city located on the above Jakarta
21%
In 1937, the above was captured by the {Japanese} Empire
21%
The only island more populated than the above Java
21%
Most spoken language in the above Mandarin
21%
Holiest city of the above Mecca
21%
Which is the largest exporter of Oil
21%
Country in which the above is located Saudi Arabia
21%
Largest city (city proper) by GDP in the above Shanghai
21%
Richest country in the above Singapore
21%
Island on which the above is located Borneo
19%
Country which has a slight variant of the above in it's official name Brunei
19%
Which is a part of the {Malay} Archipelago
19%
Country with which the above had a space race Soviet Union
19%
Country that sanctioned the above in 2005 United States of America
19%
Country with the most proven reserves of the above Venezuela
19%
Code name for the invasion of the above by Nazi Germany Operation Barbarossa
14%
War which the above invasion was a part of World War 2
14%
Largest amphibious battle in history. Part of the above Battle of {D-Day}
10%
Sea which is connected to the Sea of Marmara by the above Black Sea
10%
Strait on which the above is located {Bosporus} Strait
10%
Peninsula on which the battle took place Normandy
10%
Seafarers after whom the peninsula is named Vikings
10%
Currency of the above Bahraini {Dinar}
9%
Lake with which the above has a coastline. Largest lake in the world. Caspian Sea
9%
Peninsula located in the above after which a war was fought Crimea
9%
Viking who discovered Greenland Erik the Red
9%
Country to the south of the above Iran
9%
Country with which the above has its longest land border Kazakhstan
9%
Son of the above who was the first European to found a settlement in the Americas Leif Erikson
9%
Only mountain taller than the above in North America Mount {McKinley}
9%
Country which annexed the peninsula and the city in 2014 Russia
9%
Largest city on the peninsula. Sevastopol
9%
First Caliphate to conquer the above {Umayyad} Caliphate
9%
City in the above in which one of the 7 Wonders of the Ancient World was located Babylon
7%
Country which invaded the above in 1990 Iraq
7%
Only country with a currency stronger than the above Kuwait
7%
African counterpart of the above Mount Kilimanjaro
7%
Water body named after the above Persian Gulf
7%
Country in which the above is located Tanzania
7%
Largest archipelago in Tanzania. Once a key spice trade hub, famed for cloves and nutmeg. Zanzibar
7%
Country with a flag similar to the above Bahrain
5%
Empire which won the shortest war in history against Zanzibar British Empire
5%
Name of the eastern part of the Roman empire after it split in 285 AD Byzantine Empire
5%
Country which the above is a part of Canada
5%
Name of Istanbul under the above Constantinople
5%
Coast on which the settlement was founded Labrador Coast
5%
Capital of the above London
5%
Civilization which the above was the capital of {Mesopotamian} Civilization
5%
Richest country bordering the above Qatar
5%
Empire which built the London wall to protect London from Saxon Pirates Roman Empire
5%
Most famous ruler of the above Alexander the Great
3%
Ruler who conquered the above Cyrus the Great
3%
Capital of the above. Also a type of steel which had high durability and sharpness. Damascus
3%
Empire which conquered the above {Macedonian} Empire
3%
Tallest moutain in the above Mount {Logan}
3%
Country which the above is the capital of Syria
3%
Name of the empire of the above {Achaemenid} Empire
2%
Only country in the world, of which the majority does not speak Spanish as their first language, that has a larger Catholic population than the above Brazil
2%
Peninsula on which the above is located Iberia
2%
Geographical region in which the above is located. Birthplace of some of the world's largest religions Levant
2%
Name of his Father Philip II
2%
Name of the country which was named after the king Philippines
2%
Empire which colonized the above {Portuguese} Empire
2%
Empire who had a king with the same name and has a country named after the king. Spanish Empire
2%
Religious wars which were fought in the above region The Crusades
2%
One of the two major religions practiced in the Majapahit Empire, alongside Hinduism Buddhism
0%
The actual rulers South India during the rumours {Chola} Dynasty
0%
Javanese empire that rose to prominence after Srivijaya’s decline Majapahit Empire
0%
Legendary Christian king, believed during the above to rule a rich kingdom in India, hoped to aid European forces Prester John
0%
Maritime Southeast Asian empire whose capital was in Sumatra, raided by the Cholas in 1025 CE Srivijaya Empire
0%
No matching quizzes found
Score Distribution
Percent of People with Each Score
Percentile by Number Answered
Your Score History
You have not taken this quiz